Canciones de EMMANUEL. AnuelAA - Estadísticas

Estadísticas generales
  • Esta prueba ha sido intentada 150 veces
  • La puntuación promedio es 10 de 22
Estadísticas de respuestas
Hint Respuesta % Correcto
EMMANUEL Hasta que dios diga
79%
EMMANUEL El manual
78%
EMMANUEL Futbol & Rumba
55%
EMMANUEL Así soy yo
54%
EMMANUEL China
54%
EMMANUEL Reggaetonera
52%
EMMANUEL Narcos
51%
EMMANUEL Secreto
51%
EMMANUEL Estrés postraumático
49%
EMMANUEL Mi vieja
47%
EMMANUEL Nubes negras
47%
EMMANUEL Rifles rusos
46%
EMMANUEL El problema
45%
EMMANUEL Los hombres no lloran
44%
EMMANUEL No llores mujer
42%
EMMANUEL Antes y después
40%
EMMANUEL Ferrari
39%
EMMANUEL Que se joda
34%
EMMANUEL Bandido
32%
EMMANUEL Jangeo
30%
EMMANUEL Somo o no somos
30%
EMMANUEL Tocándote
27%
No se encontraron pruebas coincidentes
Distribución de puntuación
Porcentaje de gente con cada puntuación
Porcentaje por número respondido
Historial de tus puntuaciones
No has intentado esta prueba.